Guess The NBA Player by their Nickname - Statistics

General Stats
  • This quiz has been taken 147 times
  • The average score is 22 of 38
Answer Stats
Nickname Player % Correct
Air ______ Michael Jordan
91%
Chef Stephen Curry
90%
King _____ LeBron James
89%
Joker Nikola Jokic
85%
Ice Trae Trae Young
82%
D-Rose Derrick Rose
79%
Diesel Shaq
79%
Greek Freak Giannis
78%
Wilt the Stilt Wilt Chamberlain
78%
Uncle Drew Kyrie Irving
77%
Luka Magic Luka Doncic
77%
Slim Reaper Kevin Durant
74%
The Answer Allen Iverson
72%
Dr. J Julius Erving
72%
Ray Ray Ray Allen
71%
Great Wall of China Yao Ming
71%
Hoodie Melo Carmelo Anthony
70%
KG Kevin Garnett
70%
Brodie Russell Westbrook
68%
T-Mac Tracy McGrady
66%
The Klaw Kawhi Leonard
64%
Iggy Andre Iguodala
62%
Griddy Ja Morant
62%
Russ Bill Russell
57%
Dame Dolla Damien Lillard
57%
DLo D'Angelo Russell
54%
Linsanity Jeremy Lin
52%
The Worm Dennis Rodman
50%
Game 6 Klay Thompson
46%
_____ Legend Larry Bird
45%
The Proccess Joel Embiid
44%
The Flash Dwayne Wade
30%
Vino Kobe Bryant
16%
Glass Anthony Davis
13%
D-____ Devin Booker
13%
Mugshot Muggsy Bouges
4%
Big Burrito Paul Gasol
3%
Hair Canada Steven Nash
2%
No matching quizzes found
Score Distribution
Percent of People with Each Score
Percentile by Number Answered
Your Score History
You have not taken this quiz